| 000 | 00444cam a2200157ua 4500 | ||
|---|---|---|---|
| 041 |
_aeng _h |
||
| 082 |
_a027.4 _bVIS/IN |
||
| 100 | _aViswanathan, C G . | ||
| 245 |
_aIntroduction to public library organisation: With special reference to India / _cC G Viswanathan. _hTextual Documents |
||
| 250 |
_a1 / _b. |
||
| 260 |
_aMumbai : _bAsia Publishing House , _c1961. |
||
| 300 | _a201 ; . | ||
| 504 | _a | ||
| 942 | _cBK | ||
| 999 |
_c5740 _d5740 |
||